000 00397nam a2200145Ia 4500
005 20250729165817.0
008 250729s2022 xx 000 0 und d
041 _aeng
082 _a510.25 KARM
100 _aKarnataka Government
_9233543
245 _aMathematics - 10th Std Part - I
260 _aBangalore
_bKarnataka Text Book Socity
_c2022
300 _a176p
650 _aMathematics
_9233544
999 _c240332
_d240332